| 000 | 00365 a2200157 4500 | ||
|---|---|---|---|
| 003 | Nust | ||
| 005 | 20230120110139.0 | ||
| 040 | _cNust | ||
| 082 | _a808.83,ARM | ||
| 100 |
_aArmstrong,Martin _9107220 |
||
| 245 |
_aThe Butterfly : _bA Novel / _cMartin Armstrong |
||
| 260 |
_alondon _bCollins _c1941 |
||
| 300 | _a254:p | ||
| 650 |
_aNovel _92525 |
||
| 942 |
_2ddc _cBK |
||
| 999 |
_c186840 _d186840 |
||